Research Methods: The Basics /

Guardado en:
Bibliografiske detaljer
Hovedforfatter: Walliman, Nicholas (autor)
Format: Bog
Sprog:engelsk
Udgivet: Abingdon, Inglaterra : Routledge, 2018, c2018
Udgivelse:2a edición
Serier:(The Basics)
Fag:
Online adgang:Ver documento en línea
Tags: Tilføj Tag
Ingen Tags, Vær først til at tagge denne postø!

MARC

LEADER 00000nam^a2200000^a^4500
001 000408021
005 20251023000000.0
009 20260310121941.147
020 |a 978-1-315-52899-1 
037 |a Acervo ITESO - Biblioteca 
041 |a ING 
082 |a 001. 42  |b WAL 
100 |a Walliman, Nicholas  |e (autor) 
245 1 0 |a Research Methods:  |b The Basics / 
250 |a 2a edición 
264 4 |a Abingdon, Inglaterra :  |b Routledge,  |c 2018, c2018 
264 2 |a Birmingham, EUA :  |b EBSCOhost [distribución],  |c 2018 
300 |a 1 libro electrónico en línea (XII, 233 p.) 
300 |a 1 recurso en línea 
336 |a datos para computadora  |b cod  |2 rdacontenido 
337 |a computadora  |b c  |2 rdamedio 
338 |a recurso en línea  |b cr  |2 rdasoporte 
440 4 |a (The Basics) 
506 1 |a 1 licencia 
521 |a 2018 BO Maestría en Ciencia de Datos 
649 |a XX 
650 |a Análisis de Datos 
650 |a Investigación -  |x Aspectos Eticos 
650 |a Investigación -  |x Teoría 
650 |a Investigación -  |x Metodología -  |x Tema Principal 
650 |a Metodología 
856 4 0 |u https://ezproxy.iteso.mx/login?url=https://search.ebscohost.com/login.aspx?direct=true&scope=site&db=nlebk&db=nlabk&AN=1588568  |y Ver documento en línea 
910 |a Fondo General 
920 |a Electrónicos - Libros en Línea 
930 |a Plataforma Digital 
905 |a 205 
901 |a 408021-1  |b IT2  |c EBO  |i C163497  |u 20250521 
901 |a 408021-2  |b IT2  |c EBO  |u 20250521 
901 |a 408021-3  |b IT2  |c EBO  |u 20250521 
902 |a https://opac.biblio.iteso.mx/vufind/Record/000408021